LEADER 01697nam 2200529 450 001 9910793876903321 005 20191121185321.0 010 $a2-8027-6480-2 035 $a(CKB)4100000009374175 035 $a(MiAaPQ)EBC5900068 035 $a(Au-PeEL)EBL5900068 035 $a(OCoLC)1121140821 035 $a(PPN)240886631 035 $a(EXLCZ)994100000009374175 100 $a20191121d2019 uy 0 101 0 $afre 135 $aurcnu|||||||| 181 $ctxt$2rdacontent 182 $cc$2rdamedia 183 $acr$2rdacarrier 200 10$aArbitrage international droit et pratique /$fMauro Rubino-Sammartano ; pre?faces de Lord Mustill et Pierre Mayer 205 $a1re e?dition franc?aise, 4e version de l'?uvre. 210 1$aBrussels, Belgium :$cBruylant,$d[2019] 210 4$dİ2019 215 $a1 online resource (2,243 pages) 225 1 $aArbitrage 300 $aIncludes index. 300 $a"Adaptation de la version anglaise de l'oeuvre e?dite?e par Juris Net LLC."--Page 4. 311 $a2-8027-5513-7 410 0$aArbitrage. 606 $aInternational commercial arbitration 606 $aDispute resolution (Law) 606 $aMediation, International 615 0$aInternational commercial arbitration. 615 0$aDispute resolution (Law) 615 0$aMediation, International. 676 $a341.522 700 $aRubino-Sammartano$b Mauro$0230659 702 $aMayer$b Pierre 702 $aMustill$b Michael J.$cSir, 801 0$bMiAaPQ 801 1$bMiAaPQ 801 2$bMiAaPQ 906 $aBOOK 912 $a9910793876903321 996 $aArbitrage international droit et pratique$93850849 997 $aUNINA LEADER 03322nam 22006015 450 001 9910299411203321 005 20200705123913.0 010 $a3-319-70808-2 024 7 $a10.1007/978-3-319-70808-9 035 $a(CKB)4100000001381694 035 $a(DE-He213)978-3-319-70808-9 035 $a(MiAaPQ)EBC5210142 035 $a(PPN)222230746 035 $a(EXLCZ)994100000001381694 100 $a20171221d2018 u| 0 101 0 $aeng 135 $aurnn|008mamaa 181 $ctxt$2rdacontent 182 $cc$2rdamedia 183 $acr$2rdacarrier 200 10$aSpringer Series in Light Scattering $eVolume 2: Light Scattering, Radiative Transfer and Remote Sensing /$fedited by Alexander Kokhanovsky 205 $a1st ed. 2018. 210 1$aCham :$cSpringer International Publishing :$cImprint: Springer,$d2018. 215 $a1 online resource (VII, 299 p. 75 illus., 33 illus. in color.) 225 1 $aSpringer Series in Light Scattering,$x2509-2790 311 $a3-319-70807-4 320 $aIncludes bibliographical references at the end of each chapters and index. 327 $aPolarized radiative transfer in optically active light scattering media -- Advances in spectro-polarimetry of light scattering media -- Light scattering by large bubbles -- Volume scattering function of sea water -- Remote sensing of crystal shapes in ice clouds -- Light scattering in combustion: new developments. 330 $aThis book presents a survey of modern theoretical and experimental techniques in studies of light scattering phenomena and radiative transfer processes in random media. It presents reviews on light scattering by sea water and bubbles, and includes a separate chapter addressing studies of the remote sensing of crystalline clouds with a focus on the shape of particles?a parameter rarely studied by passive remote sensing techniques. In particular, it offers a comprehensive analysis of polarized radiative transfer in optically active (e.g., chiral) light scattering media and explores advances in spectro-polarimetry of particulate media. Lastly it discusses new developments in light scattering for combustion monitoring. 410 0$aSpringer Series in Light Scattering,$x2509-2790 606 $aLasers 606 $aPhotonics 606 $aEnvironmental sciences 606 $aRemote sensing 606 $aOptics, Lasers, Photonics, Optical Devices$3https://scigraph.springernature.com/ontologies/product-market-codes/P31030 606 $aEnvironmental Science and Engineering$3https://scigraph.springernature.com/ontologies/product-market-codes/G37000 606 $aRemote Sensing/Photogrammetry$3https://scigraph.springernature.com/ontologies/product-market-codes/J13010 615 0$aLasers. 615 0$aPhotonics. 615 0$aEnvironmental sciences. 615 0$aRemote sensing. 615 14$aOptics, Lasers, Photonics, Optical Devices. 615 24$aEnvironmental Science and Engineering. 615 24$aRemote Sensing/Photogrammetry. 676 $a621.3678 702 $aKokhanovsky$b Alexander$4edt$4http://id.loc.gov/vocabulary/relators/edt 801 0$bMiAaPQ 801 1$bMiAaPQ 801 2$bMiAaPQ 906 $aBOOK 912 $a9910299411203321 996 $aSpringer Series in Light Scattering$92089783 997 $aUNINA